| 000 | 00569nam a2200157 a 4500 | ||
|---|---|---|---|
| 008 | 210427s2003 ||||||||||||||||| || u | ||
| 020 | _a9780421857605 | ||
| 050 | _aKD 154 Hay | ||
| 100 | _aHayton,D.J | ||
| 245 | 1 | 4 |
_aThe law of trusts (4th edition) _cBy D.J. Hayton |
| 250 | _a4th edition | ||
| 260 |
_aLondon _bSweet & Maxwell Ltd _c2003 |
||
| 300 | _axxiii, 215 pages | ||
| 650 | _aTRUSTS AND TRUSTEES | ||
| 995 |
_D40.21 _FCBU-MAIN LIBRARY (Kitwe) _M1 _UAVAILABLE _WMay 5, 2021 _ZMain Library Open Access Collection |
||
| 999 |
_c48959 _d48959 |
||